PLANNING EDUCATIONAL ASSISTANCE FOR THE SECOND DEVELOPMENT DECADE (Record no. 19881)
[ view plain ]
| 000 -LEADER | |
|---|---|
| fixed length control field | 00283nam a22001097a 4500 |
| 082 ## - DEWEY DECIMAL CLASSIFICATION NUMBER | |
| Classification number | PAM 370.1965 PHI |
| 100 ## - MAIN ENTRY--PERSONAL NAME | |
| Personal name | Phillips,H.M. |
| 245 ## - TITLE STATEMENT | |
| Title | PLANNING EDUCATIONAL ASSISTANCE FOR THE SECOND DEVELOPMENT DECADE |
| 260 ## - PUBLICATION, DISTRIBUTION, ETC. | |
| Place of publication, distribution, etc. | PARIS |
| Name of publisher, distributor, etc. | UNESCO |
| Date of publication, distribution, etc. | 1973 |
| 300 ## - PHYSICAL DESCRIPTION | |
| Extent | 75p. |
| Other physical details | 21cm. |
| 942 ## - ADDED ENTRY ELEMENTS (KOHA) | |
| Koha item type | Books |
No items available.
